00329nam a22001097a 4500020001800000040000900018082001600027100002700043110003600070245006900106260004400175 a9781471168017 cNUST a813-CHbRUS aRussell, Rachel Renee  aRussell, Nikki Russell, Erin aDork Diaries Crush Catastrophe Tales From A Not So Fabulous Life aLondon:bSimon And Schuster Ltd,c2017.